Dietary fibre components and functions

Bibliographic Details
Corporate Author: ProQuest (Firm)
Other Authors: Salovaara, Hannu., Gates, Fred., Tenkanen, Maija.
Format: Electronic eBook
Language:English
Published: Wageningen : Wageningen Academic Pub., 2007.
Subjects:
Online Access:Click to View
LEADER 01476nam a2200373Ia 4500
001 EBC3445593
003 MiAaPQ
005 20200520144314.0
006 m o d |
007 cr cn|||||||||
008 070914s2007 ne a sb 001 0 eng d
020 |z 9086860192 
020 |z 9789086860197 
020 |z 9789086866229 
035 |a (MiAaPQ)EBC3445593 
035 |a (Au-PeEL)EBL3445593 
035 |a (CaPaEBR)ebr10686798 
035 |a (OCoLC)846996482 
040 |a MiAaPQ  |c MiAaPQ  |d MiAaPQ 
050 4 |a QP144.F52  |b D55 2006 
245 0 0 |a Dietary fibre components and functions  |h [electronic resource] /  |c edited by Hannu Salovaara, Fred Gates, Maija Tenkanen. 
260 |a Wageningen :  |b Wageningen Academic Pub.,  |c 2007. 
300 |a 345 p. :  |b ill. (some col.) 
500 |a "This book is based on selected papers presented at the 'Dietary Fibre 2006--Multifunctional Complex of Components' conference."-- Pref. 
504 |a Includes bibliographical references and index. 
533 |a Electronic reproduction. Ann Arbor, MI : ProQuest, 2015. Available via World Wide Web. Access may be limited to ProQuest affiliated libraries. 
650 0 |a Fiber in human nutrition. 
650 0 |a Food  |x Fiber content. 
655 4 |a Electronic books. 
700 1 |a Salovaara, Hannu. 
700 1 |a Gates, Fred. 
700 1 |a Tenkanen, Maija. 
710 2 |a ProQuest (Firm) 
856 4 0 |u https://ebookcentral.proquest.com/lib/matrademy/detail.action?docID=3445593  |z Click to View